Statistics for World Cities A-Z #3

Click here to take the quiz!

General Stats

  • This quiz has been taken 131 times
  • The average score is 18 of 26

Answer Stats

Hint City % Correct
ANetherlands' capitalAmsterdam
100%
HCuba's colorful capitalHavana
99%
MFashion capitalMilan
96%
WAmerica's capital cityWashington, DC
92%
P"The City of Lights"Paris
92%
D"The Mile High City"Denver
91%
ZLargest Croatian cityZagreb
90%
LBiggest city in AfricaLagos
87%
FMoroccan "hat" cityFez
84%
KFinancial Pakistani centerKarachi
83%
ETexas city on the Rio GrandeEl Paso
82%
GRed Cross headquartersGeneva
82%
TRepublic of China's capitalTaipei
77%
NMusic Hall of FameNashville
75%
JRed Sea Arabian portJeddah
72%
I3rd biggest Turkish cityIzmir
71%
BGuggenheim museumBilbao
70%
YBurma's RangoonYangon
69%
STwin city of MinneapolisSaint Paul
66%
VCapital of British ColumbiaVictoria
52%
CAlso called GuangzhouCanton
45%
UWestern Chinese cityÜrümqi
45%
OCity 350km from AlgiersOran
42%
QTsingtao Beer MuseumQingdao
37%
RBoa Viagem BeachRecife
33%
XPengcheng, prefecture-levelXuzhou
10%

Score Distribution

Percentile by Number Answered

Percent of People with Each Score

Your Score History

You have not taken this quiz